Madhyakaleen Bharat ka itihas: Delhi Sultanat ke Tugluq, Saiyad evam Lodhi Sultan aur unka samaya (Record no. 100940)

MARC details
000 -LEADER
fixed length control field 00396nam a2200133Ia 4500
008 - FIXED-LENGTH DATA ELEMENTS--GENERAL INFORMATION
fixed length control field 230917s9999||||xx |||||||||||||| ||und||
040 ## - CATALOGING SOURCE
-- 129832
Original cataloging agency VIVEKANANDA LIBRARY
041 ## - Language
-- English
082 ## - DDC NUMBER
Classification number 954.025 G959M
245 #0 - TITLE STATEMENT
Title Madhyakaleen Bharat ka itihas: Delhi Sultanat ke Tugluq, Saiyad evam Lodhi Sultan aur unka samaya
260 ## - PUBLICATION, DISTRIBUTION, ETC. (IMPRINT)
Place of publication, distribution, etc New Delhi
Name of publisher, distributor, etc Atlantic Publishers
300 ## - PHYSICAL DESCRIPTION
Pages 128 p.
942 ## - ADDED ENTRY ELEMENTS (KOHA)
Koha item type Books
Holdings
Withdrawn status Lost status Damaged status Not for loan Location (home branch) Sublocation or collection (holding branch) Date acquired Koha issues (times borrowed) Koha full call number Accession No. Koha date last seen Koha item type
        VIVEKANANDA LIBRARY VIVEKANANDA LIBRARY 01/02/2010   954.025 G959M 184592 17/09/2023 Books
© Designed and Maintained by Vivekananda Library, MDU Rohtak